Vista normal
Vista MARC
Entrada Personal Name
Número de registros utilizados en: 1
001 - CONTROL NUMBER
- control field: 766
003 - CONTROL NUMBER IDENTIFIER
- control field: DLC
005 - DATE AND TIME OF LATEST TRANSACTION
- control field: 20200701090712.0
008 - FIXED-LENGTH DATA ELEMENTS
- fixed length control field: 830322n| acannaabn |a aaa
010 ## - LIBRARY OF CONGRESS CONTROL NUMBER
- LC control number: n 83032101
040 ## - CATALOGING SOURCE
- Original cataloging agency: DLC
- Transcribing agency: Mx-PuUPA
- Modifying agency: DLC
- Modifying agency: Uk
- Modifying agency: DLC
- Modifying agency: Mx-PuUPA
- Language of cataloging: spa
- Description conventions: rda
053 #0 - LC CLASSIFICATION NUMBER
- Classification number element--single number or beginning number of span: PQ6651.R7525
100 1# - HEADING--PERSONAL NAME
- Personal name: Arsuaga, Juan Luis de,
374 ## - OCCUPATION
- Occupation: Autor
375 ## - GENDER
- Gender: hombre
377 ## - ASSOCIATED LANGUAGE
- Language code: spa
400 1# - SEE FROM TRACING--PERSONAL NAME
- Personal name: De Arsuaga, Juan Luis
400 1# - SEE FROM TRACING--PERSONAL NAME
- Personal name: Arsuaga, J. L.
- Fuller form of name: (Juan Luis)
670 ## - SOURCE DATA FOUND
- Source citation: Fernández González, J. J. Excavaciones medievales en Valeria (Cuenca), 1981:
- Information found: t.p. (Juan Luis de Arsuaga)
670 ## - SOURCE DATA FOUND
- Source citation: Evolución humana en Europa a los yacimientos de la Sierra de Atapuerca, 1995:
- Information found: v. 1, t.p. (Juan Luis Arsuaga)
670 ## - SOURCE DATA FOUND
- Source citation: Gran Dolina (Sierra de Atapuerca, Burgos), 1993:
- Information found: t.p. verso (Juan Luis Arsuaga; J.L. Arsuaga)